[Event "IECC CL3-2000.48"]
[Site "IECC email"]
[Date "2000.09.05"]
[Round "?"]
[White "Harris, Don"]
[Black "Roldan Ortiz, Antonio Jose"]
[Result "1/2-1/2"]
[WhiteElo "1793"]
[BlackElo "1961"]
[PlyCount "85"]
[EventDate "2000.??.??"]
[EventType "tourn (corr)"]
[EventRounds "4"]
[SourceTitle "Corr 2008"]
[Source "ChessBase"]
[SourceDate "2008.06.24"]
[SourceVersion "1"]
[SourceVersionDate "2008.06.24"]
[SourceQuality "1"]

1. e4 e5 2. Nf3 Nc6 3. d4 exd4 4. Nxd4 Bc5 5. Be3 Qf6 6. c3 Nge7 7. Bc4 0-0 8. 0-0 Bb6 9. Na3 d6 10. Ndb5 a6 11. Nxd6 Bxe3 12. Nxc8 Bc5 13. Nxe7+ Qxe7 14. b4 Bd6 15. Qc2 a5 16. Nb5 axb4 17. Nxd6 Qxd6 18. cxb4 Nxb4 19. Qc3 Nc6 20. Rac1 Nd4 21. Rfe1 Qe5 22. Qe3 Rfd8 23. f4 Qe7 24. Bd5 c5 25. Qc3 Rac8 26. a4 b6 27. Rb1 Qf6 28. Qc4 Rd7 29. Rf1 Qg6 30. Rb2 Rcd8 31. a5 bxa5 32. Qxc5 Qf6 33. Rb6 Ne6 34. Bxe6 fxe6 35. e5 Qf5 36. Qxa5 Rd2 37. Rb2 Rd1 38. Rb1 R1d2 39. Qa3 Qc2 40. Qf3 Qf5 41. Qg3 R2d3 42. Qh4 Rd2 43. Rbc1 1/2-1/2

[Event "IECC M email"]
[Site "IECC email"]
[Date "1998.04.03"]
[Round "?"]
[White "Harris, Don"]
[Black "Ventimiglia, Charles"]
[Result "1-0"]
[WhiteElo "1683"]
[BlackElo "1816"]
[PlyCount "134"]
[EventDate "1998.??.??"]
[EventType "tourn (corr)"]
[EventRounds "12"]
[SourceTitle "Corr 2008"]
[Source "ChessBase"]
[SourceDate "2008.06.24"]
[SourceVersion "1"]
[SourceVersionDate "2008.06.24"]
[SourceQuality "1"]

1. d4 e6 2. e4 d5 3. Nd2 c5 4. Ngf3 Nc6 5. Bb5 cxd4 6. Nxd4 Bd7 7. Nxc6 bxc6 8. Bd3 Bd6 9. 0-0 Nf6 10. Re1 Qc7 11. Nf3 dxe4 12. Bxe4 Rb8 13. Bd3 0-0 14. b3 c5 15. Bb2 Bc6 16. Ne5 Bb7 17. Qe2 Rfd8 18. Rad1 a5 19. Ba6 Nd5 20. Bxb7 Rxb7 21. g3 a4 22. Nc4 axb3 23. cxb3 Ra8 24. Qg4 Bf8 25. Rd2 Qc6 26. Ba1 Rba7 27. Ree2 Rb8 28. Qe4 Rd8 29. f4 Re7 30. a3 Qb5 31. Rd3 Ree8 32. Red2 Qb7 33. Bb2 Be7 34. f5 Bg5 35. Rd1 Qc6 36. h4 Bf6 37. Bxf6 gxf6 38. Qg4+ Kh8 39. Qf3 Re7 40. Ne3 Red7 41. h5 Kg8 42. h6 Kf8 43. Nxd5 Rxd5 44. Rxd5 exd5 45. Qg4 Ke7 46. Re1+ Kd7 47. Qg7 Qc7 48. Qxf7+ Kc8 49. Qxc7+ Kxc7 50. Re7+ Kd6 51. Re6+ Kd7 52. Rxf6 c4 53. bxc4 dxc4 54. Re6 c3 55. Kf2 Ra8 56. Re4 Rc8 57. Re1 Kd6 58. g4 Kd5 59. g5 c2 60. Rc1 Ke4 61. g6 Kxf5 62. g7 Kg6 63. Ke1 Kxh6 64. Rxc2 Re8+ 65. Re2 Rg8 66. Rg2 Kh5 67. a4 Kh4 1-0